000 00340nam a2200133 i 4500
001 bg
245 0 0 _aOpisy i instrukcje do ćwiczeń laboratoryjnych z fizyki.
_nCz. 1,
_pMechanika i ciepło.
250 _aWyd. 11.
260 _aWrocław,
_c1971.
040 _cBPK
041 _apol
942 _cKS
008 s pl f |000 0 pol
999 _c214
_d214
856 _uhttp://koha.tu.koszalin.pl/cgi-bin/koha/opac-detail.pl?biblionumber=214
_yKatalog online BPK